000 01121nam a2200289Ia 4500
003 OSt
005 20220930092827.0
006 a|||||r|||| 00| 0
007 ta
008 220926b |||||||| |||| 00| 0 eng d
024 _a25115
037 _cTheses
040 _aCRL
_cCRL
_beng
041 _2eng
_aeng
100 _aArif Iqbal
_9549766
110 _aUniversity OF Delhi. Faculty OF Medical Scinces. Department OF Dermatology
_9549767
245 0 _aPilot study of serum IL -6, IL7, iron and ferritin in patients with clinico- histopathological diagnosis of alopecia areata
_b Pre and treatment
260 _c2014
650 _aSKIN - DISEASES
700 _a Dr. Chander Grover Gu.
_9549768
700 _a Dr. S. N. Bhattacharya Gu.
_9535895
700 _a Dr. Shukla Das Gu.
_9537586
700 _a Dr. Sonal Sharma Gu.
_9542236
700 _aUniversity OF Delhi. Faculty OF Medical Scinces. Department OF Dermatology
_9549769
942 _cDIS
_2CC
999 _c884348
_d884348